Main science and technology indicators

Guardado en:
Detalles Bibliográficos
Formato: Libro
Lenguaje:inglés
francés
Publicado: Paris OECD 2001
Colección:Statistics
Materias:
Etiquetas: Agregar Etiqueta
Sin Etiquetas, Sea el primero en etiquetar este registro!

MARC

LEADER 00000nam a2200000 4500
001 c126827
005 20240422122207.4
020 |a 92-64-09121-1 
022 |a 1011-792X 
041 0 |a eng 
041 0 |a fre 
044 |a FR 
245 1 0 |a Main science and technology indicators 
264 1 |a Paris  |b OECD  |c 2001 
300 |a 83 s. 
490 1 |a Statistics 
830 0 |a Statistics 
500 |a Titul je od r. 2002 spracovaný v BD Seriály. 
610 2 0 |a ukazovatele ekonomické 
610 2 0 |a ukazovatele 
610 2 0 |a údaje štatistické medzinárodné 
610 2 0 |a porovnanie štatistické medzinárodné 
610 2 0 |a veda 
610 2 0 |a technológia 
610 2 0 |a OECD 
610 2 0 |a svet